Úvod do dějin španělského jazyka /

Hlavní autor: Ostrá, Růžena, 1932-2020
Jazyk: Čeština
Vydáno: Praha : Státní pedagogické nakladatelství, 1967
Vydání: 1. vyd.
Edice: Učební texty vysokých škol
Témata:
Externí odkaz: Digitalizovaný dokument
Fyzický popis: 67 s.
Knihy
Uloženo v:
LEADER 01547nam a22003372a 4500
001 000324178
003 CZ BrMZK
005 20110725202103.0
007 ta
008 980107s1967 xr f cze d
015 |a cnb000493671 
035 |a (OCoLC)42112310 
040 |a BOA001  |b cze 
100 1 |a Ostrá, Růžena,  |d 1932-2020  |7 jk01091298 
245 1 0 |a Úvod do dějin španělského jazyka /  |c Růžena Ostrá 
250 |a 1. vyd. 
260 |a Praha :  |b Státní pedagogické nakladatelství,  |c 1967 
300 |a 67 s. 
490 1 |a Učební texty vysokých škol 
830 0 |a Učební texty vysokých škol 
856 4 1 |u http://www.digitalniknihovna.cz/mzk/uuid/uuid:a949a0f0-e2e1-11e2-9923-005056827e52  |y Digitalizovaný dokument  |x NDK 
910 |a BOA001  |b PK-N-0010.315  |b 4-0587.504 
920 |a 000096778 
964 |a Španělština - dějiny - učebnice - školy vysoké 
990 |a BK 
996 6 |b 2619912079  |c 4-0587.504  |l MZK  |r Sklad / do 1 hodiny  |n 0  |w 000324178  |u 000060  |a 1  |e BOA001  |j MZK50  |s P 
996 7 |b 2619935839  |c 4-0587.504  |l MZK  |r Sklad / do 1 hodiny  |n 13  |w 000324178  |u 000050  |a 1  |e BOA001  |j MZK50  |s A 
996 7 |b 2619967950  |c 4-0587.504  |l MZK  |r Sklad / do 1 hodiny  |n 8  |w 000324178  |u 000040  |a 1  |e BOA001  |j MZK50  |s A 
996 7 |b 2619986596  |c 4-0587.504  |l MZK  |r Sklad / do 1 hodiny  |n 10  |w 000324178  |u 000030  |a 1  |e BOA001  |j MZK50  |s A 
996 7 |b 3119656189  |c PK-N-0010.315  |l MZK  |r Sklad / do 1 hodiny  |n 5  |w 000324178  |u 000020  |a 1  |e BOA001  |j MZK50  |s A 
996 7 |b 3119928608  |c PK-N-0010.315  |l MZK  |r Sklad / do 1 hodiny  |n 16  |w 000324178  |u 000010  |a 1  |e BOA001  |j MZK50  |s A